000 00334cam a22001097a 4500
008 180718b1967 xxu||||| |||| 00| 0 eng d
082 _aB301x73 Am35
245 _aThe ombudsman: report of the thirty-second American Assembly October 26-29,1967
260 _aNew York
_bArden House
_c1967
300 _a15p.
650 _aOmbudsman - U.S.A.
999 _c477832
_d477832